Представление документа в формате MARC21

ПолеНазваниеЗначение
  Тип записи a
  Библиографический уровень m
001 Контрольный номер RU\infra-m\znanium\bibl\2234120
005 Дата корректировки 20260429142215.6
008 Кодируемые данные 251230s2025 RU g rus u
020 Индекс ISBN __
a ISBN 978-5-16-019032-7
020 Индекс ISBN __
a ISBN 978-5-16-107470-1 (электр. издание)
040 Источник каталогиз. __
a Служба первич. каталог. Общество с ограниченной ответственностью «ЗНАНИУМ»
041 Код языка издания __
a Код языка текста rus
044 Код страны публикации __
a Код страны публикации RU
080 Индекс УДК __
a Индекс УДК 628.31(075.8)
084 Индекс другой классификации/Индекс ББК __
2 Источник индекса rubbk
a Индекс другой классификации/Индекс ББК 38.761.2я73
084 Индекс другой классификации/Индекс ББК __
2 Источник индекса okso
a Индекс другой классификации/Индекс ББК 20.03.01
084 Индекс другой классификации/Индекс ББК __
2 Источник индекса okso
a Индекс другой классификации/Индекс ББК 20.03.02
084 Индекс другой классификации/Индекс ББК __
2 Источник индекса okso
a Индекс другой классификации/Индекс ББК 20.04.01
084 Индекс другой классификации/Индекс ББК __
2 Источник индекса okso
a Индекс другой классификации/Индекс ББК 20.04.02
084 Индекс другой классификации/Индекс ББК __
2 Источник индекса okso
a Индекс другой классификации/Индекс ББК 20.06.01
100 Автор __
a Автор Ксенофонтов Б.С.
q Полное имя Ксенофонтов Борис Семенович
u Дополнение Московский государственный технический университет им. Н.Э. Баумана Национальный исследовательский университет
245 Заглавие __
a Заглавие Биологическая очистка сточных вод
b Продолж. заглавия Учебное пособие
c Ответственность Московский государственный технический университет им. Н.Э. Баумана Национальный исследовательский университет
250 Сведения об издании __
a Основные сведения об издании 1
260 Выходные данные __
a Место издания Москва
b Издательство ООО "Научно-издательский центр ИНФРА-М"
c Дата издания 2026
300 Физическое описание __
a Объем 255 с.
440 Серия __
a Серия Высшее образование
520 Аннотация __
a Аннотация В учебном пособии изложены теоретические и практические основы биологической очистки сточных вод как в естественных так и в искусственных условиях. Для углубленного изучения основ биологической очистки сточных вод достаточно подробно изложены разделы касающиеся основ микробиологии. Большое внимание уделено выбору наилучших технологий биологической очистки сточных вод с эффективными приемами удаления биогенных элементов. В расширенном варианте рассмотрены способы биологической очистки сточных вод с применением мембранных биореакторов. Достаточно подробно освещен отечественный и зарубежный опыт биологической очистки городских и производственных сточных вод. Соответствует требованиям федеральных государственных образовательных стандартов высшего образования последнего поколения. Предназначено для студентов бакалавриата магистратуры аспирантов преподавателей и специалистов интересующихся способами очистки сточных вод и рекомендуется для обучения по укрупненной группе специальностей и направлений 20.00.00 «Техносферная безопасность и природообустройство».
521 Примеч. о цел. назн. __
a Примеч. о целев. назн. ВО - Бакалавриат
650 Тематические рубрики __
a Основная рубрика Строительство
x Основная подрубрика Санитарная техника
655 Указ. предметных рубрик (устаревшее) __
a Жанр/ форма (устаревшее) Учебное пособие
856 Электронный адрес документа 4_
a Имя сервера/домена znanium.ru
m Помощь ebs_support@infra-m.ru
n Местонахождение сервера НИЦ ИНФРА-М
u URL https://znanium.ru/catalog/document?id=475911
856 Электронный адрес документа 48
a Имя сервера/домена znanium.ru
d Путь /cover/2234
f Электронное имя 2234120.jpg
q Тип электронного формата image/jpeg
u URL https://znanium.ru/cover/2234/2234120.jpg
911 __
u 0030=https://znanium.ru/catalog/document?id=475911